|
|
|
|
| LEADER |
00000nam0a2200000 4500 |
| 001 |
289131 |
| 005 |
20231102000146.0 |
| 020 |
|
|
|a RU
|b 80-40724
|
| 035 |
|
|
|a (RuTPU)RU\TPU\book\313636
|
| 090 |
|
|
|a 289131
|
| 100 |
|
|
|a 20150331d1980 m y0rusy5003 ca
|
| 101 |
0 |
|
|a rus
|
| 102 |
|
|
|a BY
|
| 105 |
|
|
|a y z 001zy
|
| 200 |
1 |
|
|a Генезис вероятностных идей в эволюционном учении
|f А. И. Филюков
|g Академия наук СССР (АН СССР), Институт философии (ИФ) ; под ред. В. И. Горбача
|
| 210 |
|
|
|a Минск
|c Наука и техника
|d 1980
|
| 215 |
|
|
|a 160 с.
|
| 320 |
|
|
|a Библиография в примечаниях.
|
| 606 |
1 |
|
|a Эволюционное учение
|2 stltpush
|3 (RuTPU)RU\TPU\subj\26485
|9 50401
|
| 610 |
1 |
|
|a эволюция
|
| 610 |
1 |
|
|a эвоционные модели
|
| 610 |
1 |
|
|a генезис
|
| 610 |
1 |
|
|a детерминизм
|
| 610 |
1 |
|
|a дарвинизм
|
| 610 |
1 |
|
|a синтетическая теория
|
| 610 |
1 |
|
|a стохастические модели
|
| 675 |
|
|
|a 575.8
|z rus
|v 3
|
| 700 |
|
1 |
|a Филюков
|b Альфред Иванович
|4 070
|
| 702 |
|
1 |
|a Горбач
|b В. И.
|4 340
|
| 712 |
0 |
2 |
|a Академия наук СССР (АН СССР)
|b Институт философии (ИФ)
|2 stltpush
|3 (RuTPU)RU\TPU\col\11338
|
| 801 |
|
0 |
|a RU
|b RuMRKP
|c 19950704
|g psbo
|
| 801 |
|
1 |
|a RU
|b 63413507
|c 20150331
|
| 801 |
|
2 |
|a RU
|b 63413507
|c 20210513
|g RCR
|
| 942 |
|
|
|c BK
|